Normal view
MARC view
- 1.Military art and Science--History. 2.Military history, Modern
Entry Topical Term
001 - CONTROL NUMBER
- control field: 118368
003 - CONTROL NUMBER IDENTIFIER
- control field: NUST
005 - DATE AND TIME OF LATEST TRANSACTION
- control field: 20231005101237.0
008 - FIXED-LENGTH DATA ELEMENTS
- fixed length control field: 231005|| aca||aabn | a|a d
040 ## - CATALOGING SOURCE
- Original cataloging agency: NUST
- Transcribing agency: NUST
150 ## - HEADING--TOPICAL TERM
- Topical term or geographic name entry element: 1.Military art and Science--History. 2.Military history, Modern
670 ## - SOURCE DATA FOUND
- Source citation: Work cat.: (NUST): Fuller, J. F. C. 37121, The conduct of war 1789-1961 , 1986.
